000 00895nam a22002177a 4500
999 _c11993
_d11993
003 AR-CdUCM
008 190405b ||||| |||| 00| 0 spa d
040 _aMUNICIPALIDAD PROVINCIAL DEL CUSCO
_cBIBLIOTECA MUNICIPAL DEL CUSCO
041 _hfr.
082 _a508 /
_bA99 / 1923
100 _aAzara , Félix de
_929638
245 _aViajes por la America meridional /
260 _aMadrid :
_bEspasa-Calpe,
_c1969.
300 _a233 paginas ;
_c19 cm.
505 _aContenido :De los inicios salvajes --Alguna reflexiones generales sobre los indios salvajes --De los medios empleados por los conquistadores de América para reducir y sujetar a los indios y del modo como se los ha gobernado ...
650 _aCiencias naturales
_910176
650 _aParaguay
_914205
700 _aFrancisco de las barras de Aragón (traductor)
_929639
942 _2ddc
_cLIBROS
945 _arjall
_d2019-04-05